000 00307nam a22001337a 4500
082 _a158
_bMEU/D
100 _aMEURISSE, THIBAUT
245 _aDOPAMINE, DETOX
246 _aDOPAMINE, DETOX
_bDOPAMINE, DETOX
260 _aNEW DELHI
_bWISDOM TREE
_c2025
300 _a68
650 _aMOTIVATIONAL
942 _cBK
999 _c9180
_d9180